000 00658nam a2200229 a 4500
001 12955
003 BD-JhCC
005 20230606102532.0
008 190630s19942018bg |||| |||| 000 0 Ben d
020 _a9789848004890
035 _a(BD-JhCC)12955
040 _aBD-JhCC
_dBD-JhCC
041 _aben
082 _a891.4409
_bCHA 2018
100 _aচন্দ, সোমেন
245 _aগল্পগুচ্ছ /
_cসোমেন চন্দ,
260 _aঢাকা :
_bঢাকা প্রকাশনী;
_c২০১৮.
300 _a171p. :
_c21 cm
600 _aDas, Jibanananda
650 _aBengali Letareture
942 _2ddc
_cBK
999 _c12955
_d12955